Statistics for Top 12 New York Knicks of All-Time

Click here to take the quiz!

General Stats

  • This quiz has been taken 150 times
  • The average score is 6 of 12

Answer Stats

#PlayerWin Shares% Correct
1Patrick Ewing123.0
99%
2Walt Frazier108.8
88%
3Willis Reed74.9
81%
11John Starks44.3
72%
12Earl Monroe43.9
56%
5Charles Oakley67.5
53%
10Allan Houston45.5
51%
9Richie Guerin46.0
20%
7Bill Cartwright56.8
17%
4Harry Gallatin72.3
13%
6Carl Braun63.8
8%
8Kenny Sears51.1
4%

Score Distribution

Percentile by Number Answered

Percent of People with Each Score

Your Score History

You have not taken this quiz